[Event "Challenge"]
[Site "http://www.queenalice.com/game.php?id=840160"]
[Date "2010.9.30"]
[Round "-"]
[White "Alexandre_lima"]
[Black "Sonia"]
[Result "0-1"]
[WhiteElo "1320"]
[BlackElo "1483"]

1. d4 d5 2. Nc3 Nf6 3. g3 a6 4. Bg2 e6 5. e4 Bb4 6. exd5 O-O 7. a3 Bxc3+ 8. bxc3
exd5 9. c4 Re8+ 10. Ne2 h6 11. O-O c6 12. c5 b6 13. Rb1 b5 14. c4 Bg4 15. f3 Bf5
16. Rb3 dxc4 17. Re3 Nd5 18. Re5 Rxe5 19. dxe5 Nd7 20. Be3 Nxe3 21. Qd6 Nxf1 22.
Bxf1 Rc8 23. Nf4 g5 24. g4 Bh7 25. e6 gxf4 26. exf7+ Kxf7 27. Qxf4+ Qf6 28. Qg3
Nxc5 29. f4 Qd4+ 30. Kg2 Ne4 31. Qh3 Qd2+ 32. Kh1 Nf2+ 33. Kg2 Nxh3+ 34. Kxh3
Qxf4 35. Bg2 Qe3+ 36. Kh4 Qf2+ 37. Kh3 Qe3+ 38. Kh4 Qxa3 39. Bh3 Qe7+ 40. Kh5
Qg5# 0-1

[Event "Challenge"]
[Site "http://www.queenalice.com/game.php?id=840738"]
[Date "2010.10.2"]
[Round "-"]
[White "Cosette"]
[Black "Alexandre_lima"]
[Result "1/2-1/2"]
[WhiteElo "1369"]
[BlackElo "1297"]

1. e3 d5 2. d4 Nf6 3. Nf3 Bg4 4. Be2 e6 5. Ng5 Bb4+ 6. Bd2 Nc6 7. a3 Ba5 8. Bxg4
h6 9. Nh3 h5 10. Bf3 e5 11. O-O exd4 12. Re1 dxe3 13. Nf4 Bxd2 14. Nxd2 d4 15.
c4 O-O 16. fxe3 dxe3 17. Rxe3 Nd4 18. Bxh5 Nd5 19. Nxd5 b5 20. Re4 c5 21. Rf4
bxc4 22. Rf5 g6 23. Nf6+ Kg7 24. Qg4 Nxf5 25. Nde4 Rh8 26. Rf1 Nh6 27. Qg5 Qd4+
28. Kh1 Qd3 29. Re1 Nf5 30. Bxg6 fxg6 31. Ng3 Nxg3+ 32. Kg1 Qd4+ 33. Qe3 Nf5 34.
Qxd4 cxd4 35. Nd5 Rh4 36. Rf1 Ne3 37. Nxe3 dxe3 38. a4 Rf8 39. Re1 Re8 40. g3
Rh3 41. a5 e2 42. Kg2 Rh5 43. a6 Re3 44. Kf2 Rhe5 45. Kg2 Rf5 46. Kh3 Rf1 47.
Rxe2 Rxe2 48. g4 g5 49. Kg3 Re3+ 50. Kg2 Ref3 51. h3 R1f2+ 52. Kg1 Rxb2 53. h4
gxh4 54. g5 h3 55. g6 h2+ 56. Kh1 Kxg6 1/2-1/2

[Event "Challenge"]
[Site "http://www.queenalice.com/game.php?id=840740"]
[Date "2010.10.2"]
[Round "-"]
[White "Alexandre_lima"]
[Black "Cosette"]
[Result "0-1"]
[WhiteElo "1311"]
[BlackElo "1355"]

1. Nc3 e5 2. d4 d6 3. d5 Nf6 4. e4 Bg4 5. f3 Bh5 6. Bb5+ Nbd7 7. g4 Bg6 8. h4 h6
9. h5 Bh7 10. Bxd7+ Nxd7 11. Nb5 a6 12. Nc3 Nc5 13. b4 Nd7 14. Rh2 Nb6 15. Be3
Nc4 16. Bf2 Qd7 17. Rb1 b5 18. a4 bxa4 19. b5 axb5 20. Nxb5 c6 21. dxc6 Qxc6 22.
c3 a3 23. Qd5 Qxd5 24. exd5 Bxb1 25. Nc7+ Kd8 26. Nxa8 a2 27. Bh4+ g5 28. Rxa2
gxh4 29. Ra7 Rg8 30. Rc7 e4 31. fxe4 Bxe4 32. Rxf7 Ne5 33. Ra7 Rxg4 34. Nb6
Rxg1+ 35. Kf2 Rb1 36. Ra8+ Ke7 37. Nc8+ Kf7 38. Ra7+ Kg8 39. Ke3 Re1+ 40. Kd4 h3
41. Ra2 Bg2 42. Nb6 h2 43. Rxg2+ Ng4 44. Rxg4+ Bg7+ 45. Kd3 h1=Q 46. Rg6 Qe4+
47. Kd2 Qe2# 0-1

[Event "Let's Play Chess!"]
[Site "http://www.queenalice.com/game.php?id=850335"]
[Date "2010.10.25"]
[Round "-"]
[White "Scaracioli"]
[Black "Alexandre_lima"]
[Result "1-0"]
[WhiteElo "1570"]
[BlackElo "1269"]

1. e4 Nf6 2. e5 Ne4 3. f3 Nc5 4. d4 Ne6 5. d5 Nf4 6. Bxf4 d6 7. exd6 cxd6 8. Nc3
Bf5 9. Bd3 e6 10. dxe6 Bxe6 11. Bb5+ Bd7 12. Bxd7+ Nxd7 13. Bxd6 Bxd6 14. Qxd6
Qb6 15. Qxb6 Nxb6 16. b3 O-O 17. Nge2 Rae8 18. O-O Re5 19. Rae1 Rfe8 20. a4 R8e6
21. Rf2 Rh6 22. Ne4 Reh5 23. h3 g5 24. N2g3 Rh4 25. c4 g4 26. fxg4 f5 27. Nxf5
Nd7 28. Nxh4 Rxh4 29. Nf6+ Nxf6 30. Rxf6 Kg7 31. g5 Rh5 32. Re7+ Kg8 33. Rd6
Rxg5 34. Rd8# 1-0

[Event "Challenge"]
[Site "http://www.queenalice.com/game.php?id=850439"]
[Date "2010.10.25"]
[Round "-"]
[White "Alexandre_lima"]
[Black "Sonia"]
[Result "0-1"]
[WhiteElo "1293"]
[BlackElo "1677"]

1. Nc3 Nc6 2. e4 e5 3. Bb5 Nd4 4. a4 c6 5. Be2 Nf6 6. d3 Bb4 7. Bd2 O-O 8. Nb1
Be7 9. Bc3 d6 10. Bxd4 exd4 11. Nf3 c5 12. c3 h6 13. cxd4 d5 14. e5 Ne8 15. h3
Qa5+ 16. Nbd2 Be6 17. Rb1 b5 18. b3 Qb4 19. O-O cxd4 20. Rc1 bxa4 21. bxa4 Bd7
22. Rb1 Qa5 23. Nxd4 Qc7 24. Bh5 Qxe5 25. Nc2 Qg5 26. Rb7 Bxa4 27. Rb2 Nd6 28.
Qf3 Bf6 29. Ra2 Bxc2 30. Rxc2 Rad8 31. Rc5 Nb7 32. Rc7 Rb8 33. Qg4 g6 34. Qxg5
hxg5 35. Bf3 Be5 36. Re7 Bf4 37. Nb3 a6 38. Bxd5 Nd6 39. Nc5 Rbd8 40. Rfe1 a5
41. Bxf7+ Rxf7 42. R1e6 Kg7 43. g3 Bd2 44. h4 Nf5 45. Ne4 Bb4 46. Re8 Rxd3 47.
Nxg5 Re7 48. R8xe7+ Bxe7 49. Ne4 Kf7 50. Re5 a4 51. g4 Nxh4 52. Kf1 Nf3 53. Ra5
Nh2+ 54. Ke2 Ra3 55. g5 Ra2+ 56. Ke3 Nf1+ 57. Kf4 Ra3 58. f3 Nh2 59. Nd2 Rd3 60.
Nc4 Rd4+ 61. Kg3 Nxf3 62. Kxf3 Rxc4 63. Ra8 Bxg5 64. Ke2 Rb4 65. Kd3 Rh4 66. Kc3
Bf6+ 67. Kd3 Rh3+ 68. Ke4 Rh4+ 69. Kd5 Be7 70. Ra7 g5 71. Kc6 Rh6+ 72. Kd7 a3
73. Rxa3 Bxa3 0-1

[Event "Challenge"]
[Site "http://www.queenalice.com/game.php?id=850440"]
[Date "2010.10.25"]
[Round "-"]
[White "Alexandre_lima"]
[Black "elche"]
[Result "0-1"]
[WhiteElo "1300"]
[BlackElo "1852"]

1. d4 d5 2. g3 Nf6 3. Bg2 Bf5 4. f3 e6 5. e4 dxe4 6. fxe4 Bxe4 7. Kf1 Bxg2+ 8.
Kxg2 Qd5+ 9. Nf3 Ne4 10. Nc3 Nxc3 11. bxc3 Nd7 12. Re1 Bd6 13. Qe2 Nf6 14. c4
Qh5 15. c5 Be7 16. Bg5 Nd5 17. h4 Bxg5 18. hxg5 O-O-O 19. a4 c6 20. a5 Qg4 21.
a6 Nf4+ 22. Kf2 Nxe2 23. Reb1 Nxd4 24. axb7+ Kb8 25. Ne5 Qe2+ 26. Kg1 Nf3+ 27.
Nxf3 Qxf3 28. Ra6 Qxg3+ 29. Kf1 Qf4+ 30. Ke2 Qc4+ 31. Ke3 Qxa6 32. Ra1 Qxb7 0-1

[Event "Challenge"]
[Site "http://www.queenalice.com/game.php?id=851021"]
[Date "2010.10.26"]
[Round "-"]
[White "Alexandre_lima"]
[Black "Cosette"]
[Result "0-1"]
[WhiteElo "1298"]
[BlackElo "1318"]

1. d3 e5 2. Nf3 Nc6 3. Bg5 Be7 4. h4 h6 5. Be3 Bb4+ 6. c3 Bc5 7. Bxc5 d6 8. Be3
Bg4 9. Nfd2 Nf6 10. d4 e4 11. f3 exf3 12. exf3 Bh5 13. g4 Bg6 14. h5 Bh7 15. a4
d5 16. c4 Nb4 17. Ra3 O-O 18. c5 Re8 19. Qe2 Nc2+ 20. Kd1 Nxa3 21. Nxa3 Qd7 22.
b3 Re7 23. Bh3 Qe8 24. g5 hxg5 25. Bxg5 Rxe2 26. Bxf6 Qe3 27. Nab1 Bxb1 28. Kc1
Qd3 29. Nxb1 Qc2# 0-1

[Event "Challenge"]
[Site "http://www.queenalice.com/game.php?id=851040"]
[Date "2010.10.27"]
[Round "-"]
[White "Cosette"]
[Black "Alexandre_lima"]
[Result "1-0"]
[WhiteElo "1332"]
[BlackElo "1283"]

1. e4 Nf6 2. e5 Ne4 3. Bd3 Nc5 4. Bc4 d5 5. Be2 e6 6. Nc3 Qh4 7. Nh3 d4 8. Nb5
Kd8 9. d3 a6 10. Na3 Nc6 11. Bg5+ Qxg5 12. Nxg5 Ke8 13. Nc4 f6 14. Nf3 f5 15.
Qd2 Be7 16. Ng5 Bxg5 17. Qxg5 h6 18. Qg6+ Kf8 19. Bh5 Ne7 20. Qf7# 1-0

[Event "Challenge"]
[Site "http://www.queenalice.com/game.php?id=855087"]
[Date "2010.11.5"]
[Round "-"]
[White "Alexandre_lima"]
[Black "chyco"]
[Result "0-1"]
[WhiteElo "1251"]
[BlackElo "1577"]

1. d4 d5 2. c3 e6 3. e3 a6 4. Qa4+ Bd7 5. Qb3 b5 6. Nf3 Nf6 7. Qd1 Be7 8. Ne5
Bd6 9. Ng4 Ne4 10. f3 Ng5 11. f4 Ne4 12. Bd3 Nf6 13. h3 Nh5 14. Nf2 Ng3 15. Rh2
h5 16. Qf3 h4 17. e4 Bc6 18. e5 Be7 19. Qg4 g6 20. b3 Rg8 21. c4 f5 22. Qd1 Bb4+
23. Bd2 Bxd2+ 24. Qxd2 bxc4 25. bxc4 dxc4 26. Bxc4 Qe7 27. Nc3 Nd7 28. O-O-O Nb6
29. Qb2 Nxc4 30. Qb3 Bd5 31. a4 Kf7 32. Rd3 Rab8 33. Nb5 axb5 34. axb5 Qd7 35.
Qb1 Rb6 36. Rb3 Rgb8 37. Nd3 Rxb5 38. Nc5 Qc6 39. Qa2 Ra8 40. Qb1 Rba5 41. Kc2
Ra2+ 42. Kc3 Ne2+ 43. Kd3 Rd2# 0-1

[Event "Challenge"]
[Site "http://www.queenalice.com/game.php?id=855088"]
[Date "2010.11.5"]
[Round "-"]
[White "chyco"]
[Black "Alexandre_lima"]
[Result "1-0"]
[WhiteElo "1580"]
[BlackElo "1248"]

1. e4 Nf6 2. e5 Ne4 3. f4 c6 4. d3 Nc5 5. Qd2 b6 6. d4 Ne4 7. Qe3 d5 8. Bd3 f6
9. Bxe4 dxe4 10. Qxe4 f5 11. Qd3 Ba6 12. Qf3 Qxd4 13. c3 Qd7 14. Ne2 Bxe2 15.
Qxe2 e6 16. O-O Bc5+ 17. Kh1 h5 18. Nd2 h4 19. b4 Be7 20. Rd1 h3 21. Nf3 Qb7 22.
Nd4 c5 23. Nxe6 hxg2+ 24. Qxg2 Qxg2+ 25. Kxg2 Rh4 26. Nc7+ Kf7 27. Nxa8 Rg4+ 28.
Kf3 g5 29. Nc7 Rxf4+ 30. Bxf4 gxf4 31. bxc5 bxc5 32. Rab1 Nc6 33. e6+ Kf6 34.
Rd7 Bd8 35. Nb5 a6 36. Na7 Ne5+ 37. Kf2 Ng4+ 38. Kg1 Bb6 39. e7 Ne5 40. Rxb6+
Kf7 41. Rc7 c4 42. Rb8 f3 43. e8=Q+ Kf6 44. Qe7+ Kg6 45. Qg7+ Kh5 46. Rh8# 1-0

[Event "Challenge"]
[Site "http://www.queenalice.com/game.php?id=856630"]
[Date "2010.11.9"]
[Round "-"]
[White "Alexandre_lima"]
[Black "Cosette"]
[Result "0-1"]
[WhiteElo "1258"]
[BlackElo "1476"]

1. Nf3 e6 2. e4 Nf6 3. d3 Nc6 4. Bg5 h6 5. Bxf6 gxf6 6. d4 d6 7. c3 h5 8. e5
fxe5 9. dxe5 d5 10. Bb5 Bd7 11. Bxc6 Bxc6 12. h4 Qd7 13. Nbd2 Bh6 14. Nb3 O-O-O
15. Nc5 Qe7 16. b4 b6 17. Na6 Bb7 18. Qa4 d4 19. cxd4 Rhg8 20. b5 f6 21. Rd1 f5
22. Rd3 Bc1 23. Rc3 Rd7 24. Rxc1 Rxg2 25. Ng5 Rg4 26. Rh2 Rgxd4 27. Qb3 Rg4 28.
Nxe6 Re4+ 29. Kf1 Bxa6 30. bxa6 Rxe5 31. Nxc7 Rxc7 32. Qg8+ Qe8 33. Rg2 Rxc1#
0-1

[Event "Challenge"]
[Site "http://www.queenalice.com/game.php?id=857029"]
[Date "2010.11.9"]
[Round "-"]
[White "Cosette"]
[Black "Alexandre_lima"]
[Result "0-1"]
[WhiteElo "1435"]
[BlackElo "1270"]

1. e4 Nf6 2. d3 d5 3. e5 Nfd7 4. Nf3 Nc6 5. d4 f6 6. e6 Nb6 7. Qe2 Qd6 8. Nc3
Bxe6 9. Qb5 a6 10. Qe2 Nb4 11. a3 Nc6 12. Qe3 Nc4 13. Qd3 b5 14. b3 Nb6 15. b4
Na7 16. a4 c6 17. axb5 cxb5 18. Nh4 O-O-O 19. Rxa6 Kb7 20. Ra5 g5 21. Nxb5 Nc6
22. Nxd6+ exd6 23. Ra3 gxh4 24. Qa6+ Kc7 25. Bb5 Ra8 26. Qxa8 Nxa8 27. Rxa8 Nxd4
28. Bd3 Kb7 29. Ra4 Bd7 30. Ra2 Rg8 31. Bb2 Ne6 32. Bxf6 Nf4 33. Kd2 Rxg2 34. c3
Rxf2+ 35. Ke3 Rxa2 36. Kxf4 Bh6+ 37. Kf3 Rd2 38. Bxh7 Bh3 39. Bd8 Bg2+ 40. Kg4
Bxh1 41. Kxh4 d4 42. c4 Rxh2+ 43. Kg3 Rg2+ 44. Kh3 Kc8 45. Bb6 Rg7 46. Bf5+ Kb7
47. Ba5 Bg2+ 48. Kh2 Bf4+ 49. Kg1 Be3+ 50. Kh2 Bf4+ 51. Kg1 Rg5 52. Bd3 Be3+ 53.
Kh2 Bf3 54. Kh3 Rg2 55. Kh4 Bf2+ 56. Kh3 Rg5 57. Bd8 Rh5+ 58. Bh4 Rxh4# 0-1

[Event "Challenge"]
[Site "http://www.queenalice.com/game.php?id=859508"]
[Date "2010.11.16"]
[Round "-"]
[White "Scaracioli"]
[Black "Alexandre_lima"]
[Result "1-0"]
[WhiteElo "1536"]
[BlackElo "1291"]

1. e4 Nf6 2. e5 Ne4 3. Nc3 d5 4. Nxe4 dxe4 5. h3 g6 6. d4 e6 7. Ne2 f5 8. h4 c5
9. dxc5 Bxc5 10. Be3 Qd5 11. Qxd5 exd5 12. Bxc5 b6 13. Bd4 Nc6 14. Bc3 O-O 15.
Nf4 Re8 16. Bb5 Bd7 17. a4 Nb8 18. Nxd5 a6 19. Nf6+ Kf7 20. Nxe8 Bxe8 21. Bxe8+
Kxe8 22. O-O Nd7 23. Rad1 Nc5 24. Bb4 Nxa4 25. e6 a5 26. Ba3 b5 27. Bd6 Nxb2 28.
Rd5 b4 29. Bc7 a4 30. Rb5 Rc8 31. Rb8 Rxb8 32. Bxb8 Ke7 33. Be5 a3 34. Bxb2 axb2
35. Rb1 Kxe6 36. Rxb2 f4 37. Rxb4 Ke5 38. c4 e3 39. fxe3 fxe3 40. c5 Kd5 41. Rb3
Kd4 42. c6 e2 43. Kf2 Kc4 44. Rb2 Kc5 45. Rc2+ Kd6 46. Kxe2 h6 47. c7 g5 48.
c8=Q gxh4 49. Qc6+ Ke5 50. Rc5+ Kf4 51. Qxh6+ Kg3 52. Qg5+ Kh2 53. Kf2 1-0

[Event "Challenge"]
[Site "http://www.queenalice.com/game.php?id=863820"]
[Date "2010.11.26"]
[Round "-"]
[White "Alexandre_lima"]
[Black "Cosette"]
[Result "1-0"]
[WhiteElo "1245"]
[BlackElo "1458"]

1. d4 Nc6 2. d5 Ne5 3. Nc3 d6 4. f4 Nd7 5. Nh3 Ngf6 6. f5 Ne5 7. e4 h6 8. Bb5+
Bd7 9. Ba4 h5 10. Bg5 Nxe4 11. Nxe4 Bxa4 12. b3 Bb5 13. c4 Ba6 14. O-O Ng4 15.
Qe1 Qd7 16. a4 f6 17. Bh4 g5 18. Bxg5 fxg5 19. Nhxg5 c5 20. Ne6 Bh6 21. h3 Ne3
22. Rf3 Nc2 23. Qc3 Nxa1 24. Qxh8+ Bf8 25. Qxf8# 1-0

[Event "Challenge"]
[Site "http://www.queenalice.com/game.php?id=866864"]
[Date "2010.12.2"]
[Round "-"]
[White "Cosette"]
[Black "Alexandre_lima"]
[Result "0-1"]
[WhiteElo "1435"]
[BlackElo "1285"]

1. e4 d5 2. e5 Nc6 3. Bb5 f6 4. exf6 Nxf6 5. d3 Bd7 6. Nf3 Nb8 7. Bxd7+ Nbxd7 8.
Ng5 h6 9. Nf3 e5 10. Nc3 e4 11. dxe4 dxe4 12. Nd4 c5 13. Ne6 Qe7 14. Nc7+ Kf7
15. Nxa8 Qe5 16. Nb5 Be7 17. Nbc7 Bd6 18. f4 Qe7 19. f5 Ne5 20. Bf4 Bxc7 21.
Nxc7 Qxc7 22. Be3 Rd8 23. Qe2 Neg4 24. Bd2 a5 25. h3 Ne5 26. g4 b6 27. Rg1 Nf3+
28. Kf1 Rxd2 29. Qe3 Qh2 30. Re1 Qxh3+ 0-1

[Event "Challenge"]
[Site "http://www.queenalice.com/game.php?id=886427"]
[Date "2011.1.15"]
[Round "-"]
[White "Alexandre_lima"]
[Black "elche"]
[Result "0-1"]
[WhiteElo "1305"]
[BlackElo "1745"]

1. Nc3 g6 2. d4 Bg7 3. Be3 Nf6 4. Qd2 e6 5. O-O-O c6 6. g3 d5 7. f4 Ne4 8. Nxe4
dxe4 9. Bg2 f5 10. Nh3 O-O 11. Ng5 h6 12. Nh3 Nd7 13. c4 Nb6 14. c5 Nc4 15. Qc3
Nxe3 16. Qxe3 Qd5 17. Rhf1 Qxa2 18. Qa3 Qc4+ 19. Kb1 Qxe2 20. Qb3 Qxg2 21. Nf2
Qf3 22. Qxf3 exf3 23. h4 Rd8 24. Rd3 Rxd4 25. Rfd1 Rxd3 26. Nxd3 b5 27. Rf1 Bb7
28. Rxf3 a5 29. b4 a4 30. Ne5 Bxe5 31. fxe5 Rd8 32. Kc2 Kg7 33. Rd3 Rxd3 34.
Kxd3 Bc8 35. Ke3 Bd7 36. Kd2 Be8 37. Kc2 g5 38. hxg5 hxg5 0-1

[Event "Challenge"]
[Site "http://www.queenalice.com/game.php?id=886629"]
[Date "2011.1.15"]
[Round "-"]
[White "Sonia"]
[Black "Alexandre_lima"]
[Result "1-0"]
[WhiteElo "1672"]
[BlackElo "1291"]

1. e4 Nf6 2. Nc3 d5 3. f3 e6 4. exd5 exd5 5. Qe2+ Qe7 6. a3 Bd7 7. b3 Nc6 8. Nb5
O-O-O 9. c3 Ne5 10. Kd1 c6 11. Nxa7+ Kb8 12. Qe3 c5 13. Nb5 Bxb5 14. Bxb5 d4 15.
cxd4 cxd4 16. Qf4 d3 17. Bb2 Rd5 18. Bc4 Rc5 19. Nh3 h6 20. Bxd3 Nh5 21. Qd4 b6
22. b4 Rc6 23. Re1 Rd6 24. Qxe5 Kc8 25. Ba6+ Kd7 26. Bb5+ Kc7 27. Qc3+ Kd8 28.
Rxe7 Bxe7 29. Ba6 Kd7 30. Bb5+ Kd8 31. Ba6 b5 32. Qc8# 1-0

[Event "Challenge"]
[Site "http://www.queenalice.com/game.php?id=887782"]
[Date "2011.1.18"]
[Round "-"]
[White "Scaracioli"]
[Black "Alexandre_lima"]
[Result "1-0"]
[WhiteElo "1645"]
[BlackElo "1307"]

1. e4 Nf6 2. e5 Nd5 3. d4 f6 4. f4 d6 5. Bc4 h5 6. Bxd5 a5 7. c3 fxe5 8. fxe5
dxe5 9. Bf3 exd4 10. cxd4 Bf5 11. Ne2 Bxb1 12. Rxb1 e6 13. Bxb7 Ra7 14. Bf3 Bb4+
15. Nc3 1-0

[Event "Challenge"]
[Site "http://www.queenalice.com/game.php?id=895176"]
[Date "2011.2.3"]
[Round "-"]
[White "Cosette"]
[Black "Alexandre_lima"]
[Result "1-0"]
[WhiteElo "1406"]
[BlackElo "1303"]

1. e4 Nf6 2. d3 d5 3. e5 Ng4 4. f3 Nxe5 5. b3 c5 6. Ba3 c4 7. dxc4 d4 8. f4 Ng4
9. h3 Ne3 10. Qe2 e6 11. Bb2 Bb4+ 12. Nd2 Nxc2+ 13. Kd1 d3 14. Qf2 Nxa1 15. Bxa1
Bxd2 16. Kxd2 O-O 17. Qg3 Nc6 18. Bc3 e5 19. f5 Bxf5 20. Nf3 e4 21. Nh4 Bg6 22.
Qg4 Re8 23. Kd1 f5 24. Nxf5 Bxf5 25. Qxg7# 1-0

[Event "Challenge"]
[Site "http://www.queenalice.com/game.php?id=895177"]
[Date "2011.2.3"]
[Round "-"]
[White "Alexandre_lima"]
[Black "Cosette"]
[Result "0-1"]
[WhiteElo "1289"]
[BlackElo "1381"]

1. Nf3 e6 2. d4 d5 3. e3 Nf6 4. Bb5+ Bd7 5. Nc3 a6 6. Ba4 Bxa4 7. Nxa4 b5 8. Nc3
Ng4 9. O-O h5 10. h3 Nh6 11. g4 hxg4 12. hxg4 c6 13. a4 Bd6 14. g5 Ng4 15. Ne2
Bh2+ 16. Nxh2 Nxh2 17. f4 Nxf1 18. Qxf1 g6 19. b3 Nd7 20. Kf2 f5 21. Ng3 Qe7 22.
axb5 cxb5 23. Ra5 Qh7 24. Ke2 Qh2+ 25. Kf3 Qh4 26. Rxb5 Qg4+ 27. Kg2 axb5 28.
Qxb5 Qh3+ 29. Kf2 Qh2+ 30. Kf3 Rh3 31. Qc6 Qxg3+ 32. Ke2 Qf3+ 33. Kd3 Ra1 34.
Bd2 Qf1+ 35. Kc3 Qd1 36. Qc8+ Ke7 37. Kd3 Rh2 38. Qc3 Qe2# 0-1

[Event "Challenge"]
[Site "http://www.queenalice.com/game.php?id=897194"]
[Date "2011.2.7"]
[Round "-"]
[White "Scaracioli"]
[Black "Alexandre_lima"]
[Result "1-0"]
[WhiteElo "1614"]
[BlackElo "1277"]

1. e4 Nf6 2. e5 Ne4 3. d3 Nc5 4. d4 Ne4 5. f3 Nd6 6. exd6 cxd6 7. Nc3 Qa5 8. Bd2
e5 9. Nge2 exd4 10. Nxd4 Qc5 11. Be3 Nc6 12. Nce2 b5 13. c3 Ba6 14. b4 Qh5 15.
Nxc6 dxc6 16. g4 Qh4+ 17. Bf2 Qh6 18. a3 Be7 19. h3 O-O 20. Qd3 d5 21. Be3 Qd6
22. Bg2 Bh4+ 23. Kd2 Rae8 24. Bc5 Qh6+ 25. f4 Bc8 26. g5 1-0